A walk to remember / (Registro nro. 30480)
[ vista simple ]
| 000 -LEADER | |
|---|---|
| fixed length control field | 02401nam a22002657a 4500 |
| 003 - CONTROL NUMBER IDENTIFIER | |
| control field | OSt |
| 005 - DATE AND TIME OF LATEST TRANSACTION | |
| control field | 20240712143021.0 |
| 008 - FIXED-LENGTH DATA ELEMENTS--GENERAL INFORMATION | |
| fixed length control field | 231219t20202019-us er 000 f eng d |
| 020 ## - INTERNATIONAL STANDARD BOOK NUMBER | |
| International Standard Book Number | 0446608955 |
| 037 ## - SOURCE OF ACQUISITION | |
| Materials specified | Donación |
| 040 ## - CATALOGING SOURCE | |
| Original cataloging agency | CO-JMCR |
| Transcribing agency | CO-JMCR |
| Modifying agency | CO-JMCR |
| Description conventions | rda |
| Language of cataloging | spa |
| 041 ## - LANGUAGE CODE | |
| Language code of text/sound track or separate title | eng |
| 082 04 - DEWEY DECIMAL CLASSIFICATION NUMBER | |
| Classification number | A-N |
| Item number | SPAa |
| 100 1# - MAIN ENTRY--PERSONAL NAME | |
| Personal name | Sparks, Nicholas, |
| Relator term | Autor |
| 9 (RLIN) | 8152 |
| 245 10 - TITLE STATEMENT | |
| Title | A walk to remember / |
| Statement of responsibility, etc. | Nicholas Sparks. |
| 260 ## - PUBLICATION, DISTRIBUTION, ETC. | |
| Place of publication, distribution, etc. | New York : |
| Name of publisher, distributor, etc. | Warner Books , |
| Date of publication, distribution, etc. | 2000 |
| -- | ©1999 |
| 300 ## - PHYSICAL DESCRIPTION | |
| Extent | 240 páginas ; |
| Dimensions | 17 cm. |
| 520 3# - SUMMARY, ETC. | |
| Summary, etc. | "There was a time when the world was sweeter..... when the women in Beaufort, North Carolina, wore dresses and the men wore hats..... Every April, when the wind smells both of the sea and of lilacs, Landon Carter remembers 1958, his senior year at Beaufort High. Landon had dated a girl or two, and even once swore he was in love. Certainly, the last person he thought he would fall in love with was Jamie, the shy, almost ethereal daughter of the town's Baptist pastor.... Jamie, who was destined to show him the depths of the human heart, and the joy and pain of living. The inspiration for this novel came from Nicholas Sparks' sister: her life and her courage. From international bestselling author Nicholas Sparks, comes his most moving story yet." |
| Expansion of summary note | "Hubo un tiempo en que el mundo era más dulce... cuando las mujeres en Beaufort, Carolina del Norte, usaban vestidos y los hombres sombreros... Cada abril, cuando el viento huele tanto a mar como a lilas, Landon Carter recuerda 1958, su último año en Beaufort High. Landon había salido con una chica o dos, e incluso una vez juró que estaba enamorado. Ciertamente, la última persona de la que pensó que se enamoraría fue Jamie, la tímida y casi etérea hija del pastor bautista del pueblo... Jamie, que estaba destinada a mostrarle las profundidades del corazón humano, y la alegría y el dolor de viviendo. La inspiración para esta novela provino de la hermana de Nicholas Sparks: su vida y su coraje. Del autor de bestsellers internacionales Nicholas Sparks, llega su historia más conmovedora hasta el momento". |
| 521 ## - TARGET AUDIENCE NOTE | |
| Target audience note | Jóvenes de 16 a 18 años |
| 546 ## - LANGUAGE NOTE | |
| Language note | Texto en inglés |
| 650 14 - SUBJECT ADDED ENTRY--TOPICAL TERM | |
| Source of heading or term | JMCR |
| Topical term or geographic name entry element | Novela estadounidense |
| Chronological subdivision | Siglo xx |
| 9 (RLIN) | 6991 |
| 650 24 - SUBJECT ADDED ENTRY--TOPICAL TERM | |
| Source of heading or term | JMCR |
| Topical term or geographic name entry element | Adolescentes en la literatura |
| General subdivision | Literatura |
| 9 (RLIN) | 43099 |
| 650 34 - SUBJECT ADDED ENTRY--TOPICAL TERM | |
| Source of heading or term | JMCR |
| Topical term or geographic name entry element | Amor en la literatura |
| General subdivision | Literatura |
| 9 (RLIN) | 43100 |
| 942 ## - ADDED ENTRY ELEMENTS (KOHA) | |
| Source of classification or shelving scheme | Dewey Decimal Classification |
| Koha item type | Books |
| Withdrawn status | Lost status | Damaged status | Not for loan | Home library | Current library | Shelving location | Date acquired | Source of acquisition | Total Checkouts | Full call number | Barcode | Date last seen | Date last checked out | Copy number | Price effective from | Koha item type |
|---|---|---|---|---|---|---|---|---|---|---|---|---|---|---|---|---|
| Biblioteca Pública José María del Castillo y Rada | Biblioteca Pública José María del Castillo y Rada | Fiction | 11/30/2023 | Donación | 2 | A-N SPAa | 201811853 | 04/04/2024 | 04/03/2024 | Ej. 1 | 12/19/2023 | Books |